| 000 | 01064nam a2200277 a 4500 | ||
|---|---|---|---|
| 001 | 000016915 | ||
| 003 | DO-SdBNP | ||
| 005 | 20250306141430.0 | ||
| 008 | 100312s1986 dr r 000 0 spa d | ||
| 040 |
_aDO-SdBNP _bspa _cBNPHU |
||
| 082 |
_a371.102 _bU58m |
||
| 110 | 1 |
_aUniversidad Autónoma de Santo Domingo _bFacultad de Humanidades. _bDepartamento de Pedagogía _972951 |
|
| 245 | 1 | 0 |
_aManual de prácticas de didáctica general / _cpresentación Josefina Mercedes de Cortes. |
| 260 |
_aSanto Domingo : _bUASD, _c1986. |
||
| 300 |
_a167 p. ; _c28 cm. |
||
| 490 | 1 |
_aPublicaciones de la Universidad Autónoma de Santo Domingo _v470 |
|
| 590 | _aInventariado, 2018/VM | ||
| 650 | 0 |
_aPedagogía _9693 |
|
| 650 | 4 |
_aMetodología en pedagogía _917525 |
|
| 650 | 4 |
_aMétodos de enseñanza _92196 |
|
| 700 | 1 | 2 |
_aCortes, Mercedes de, _937412 |
| 710 | 1 | 2 |
_aUniversidad Autónoma de Santo Domingo _972951 |
| 830 | 0 |
_aPublicaciones de la Universidad Autónoma de Santo Domingo _n470 _937413 |
|
| 910 | _aValidado. Control de la calidad. EMS | ||
| 942 |
_2ddc _cLBS1 |
||
| 999 |
_c16447 _d16447 |
||